One Movie for Every Year - Statistics

General Stats
  • This quiz has been taken 68 times
    4 since last reset
  • The average score is 80 of 138
Answer Stats
Picture Hint Answer % Correct
2009 Avatar
100%
2019 Avengers: Endgame
100%
2018 Avengers: Infinity War
100%
1985 Back to the Future
100%
2016 Deadpool
100%
1988 Die Hard
100%
1996 Happy Gilmore
100%
1990 Home Alone
100%
2010 Inception
100%
1989 Indiana Jones and the Last Crusade
100%
1975 Jaws
100%
2014 John Wick
100%
2015 Jurassic World
100%
2013 Now You See Me
100%
2023 Oppenheimer
100%
2003 Pirates of the Caribbean: The Curse of the Black Pearl
100%
1981 Raiders of the Lost Ark
100%
1983 Return of the Jedi
100%
1976 Rocky
100%
2021 Spider-Man: No Way Home
100%
1977 Star Wars
100%
1978 Superman
100%
2022 The Batman
100%
2008 The Dark Knight
100%
1972 The Godfather
100%
2001 The Lord of the Rings: The Fellowship of the Ring
100%
1999 The Matrix
100%
1994 The Shawshank Redemption
100%
1984 The Terminator
100%
1997 Titanic
100%
1986 Top Gun
100%
1957 12 Angry Men
67%
1968 2001: A Space Odyssey
67%
1971 A Clockwork Orange
67%
1992 A Few Good Men
67%
1930 All Quiet on the Western Front
67%
1979 Apocalypse Now
67%
1935 Bride of Frankenstein
67%
1942 Casablanca
67%
2006 Casino Royale
67%
2002 Catch Me If You Can
67%
1941 Citizen Kane
67%
2012 Django Unchained
67%
1931 Dracula
67%
2004 Eternal Sunshine of the Spotless Mind
67%
2000 Gladiator
67%
2011 Harry Potter and the Deathly Hallows: Part 2
67%
1946 It's a Wonderful Liffe
67%
1933 King Kong
67%
1987 Lethal Weapon
67%
2017 Murder on the Orient Express
67%
2007 No Country for Old Men
67%
1922 Nosferatu: A Symphony of Horror
67%
1953 Peter Pan
67%
1960 Psycho
67%
1993 Schindler's List
67%
1952 Singin' In the Rain
67%
1937 Snow White and the Seven Dwarves
67%
2020 Tenet
67%
2025 The Amateur
67%
1963 The Birds
67%
1973 The Exorcist
67%
1974 The Godfather Part II
67%
2024 The Ministry of Ungentlemanly Warfare
67%
1980 The Shining
67%
1991 The Silence of the Lambs
67%
1965 The Sound of Music
67%
1982 The Thing
67%
1998 The Truman Show
67%
1995 The Usual Suspects
67%
1939 The Wizard of Oz
67%
2005 V For Vendetta
67%
1916 20,000 Leagues Under the Sea
33%
1904 An Impossible Voyage
33%
1951 A Streetcar Named Desire
33%
1913 Atlantis
33%
1902 A Trip to the Moon
33%
1893 Blacksmith Scene
33%
1961 Breakfast at Tiffany's
33%
1919 Broken Blossoms
33%
1918 Carmen
33%
1899 Cleopatra's Tomb
33%
1911 Dante's Inferno
33%
1954 Dial M for Murder
33%
1944 Double Indemnity
33%
1962 Dr. No
33%
1943 For Whom the Bell Tolls
33%
1964 Goldfinger
33%
1924 He Who Gets Slapped
33%
1889 Hyde Park Corner
33%
1956 Invasion of the Body Snatchers
33%
1934 It Happened One Night
33%
1912 Les misérables
33%
1970 M*A*S*H
33%
1891 Men Boxing
33%
1969 Midnight Cowboy
33%
1947 Miracle on 34th Street
33%
1894 Miss Jerry
33%
1936 Modern Times
33%
1890 Monkeyshines, No. 1
33%
1892 Poor Pierrot
33%
1897 Rapunzel
33%
1955 Rebel Without a Cause
33%
1888 Roundhay Garden Scene
33%
1923 Safety Last!
33%
1932 Scarface
33%
1959 Some Like It Hot
33%
1950 Sunset Boulevard
33%
1906 The 400 Tricks of the Devil
33%
1915 The Birth of a Nation
33%
1929 The Broadway Melody
33%
1920 The Cabinet of Dr. Caligari
33%
1898 The Cave of the Demons
33%
1907 The Dancing Pig
33%
1908 The Electric Hotel
33%
1910 The Eternal Law
33%
1895 The Execution of Mary, Queen of Scots
33%
1900 The 'Gator and the Pickaninny
33%
1926 The General
33%
1925 The Gold Rush
33%
1914 The Golem
33%
1966 The Good, the Bad and the Ugly
33%
1967 The Graduate
33%
1940 The Great Dictator
33%
1903 The Great Train Robbery
33%
1901 The Haunted Curiosity Shop
33%
1896 The House of the Devil
33%
1927 The Jazz Singer
33%
1921 The Kid
33%
1938 The Lady Vanishes
33%
1909 The Life of Moses
33%
1928 The Man Who Laughs
33%
1945 The Picture of Dorian Gray
33%
1917 The Poor Little Rich Girl
33%
1949 The Third Man
33%
1948 The Treasure of the Sierra Madre
33%
1905 Ulysses and the Giant Polyphemus
33%
1958 Vertigo
33%
No matching quizzes found
Score Distribution
Percent of People with Each Score
Percentile by Number Answered
Your Score History
You have not taken this quiz since the last reset